Quizzes
Events
Quiz Creation
Community
Videos
Private Events
Remove Ads
Sign In
Join for FREE
Feedback
Dark Mode
Quiz Categories
Sports
Geography
Music
Movies
Television
Just For Fun
Miscellaneous
History
Literature
Language
Science
Gaming
Entertainment
Religion
Holiday
For Kids
Quiz Lab
Recent
Popular Today
Quiz Kudos Today
Editor Picks
Curator Picks
Quizzes by...
Day
Popularity
Type
Ratings
Length
Year
Community
Subscriptions
Recent Discussions
Orange Saloon
Badges
Playlists
Quests
Create
Leaderboards
Showdown
Live 5
Trivia Bingo
Activity
Puzzle Library
Sporcle Events
Private Events
Virtual Trivia
Globe League
Become a Host
Pub Owners
SporcleCon
Opinionation
Our Games
Videos
Blog
Mobile Apps
Partnerships
Remove Ads and Go Orange
Feedback
Language
Vocabulary
Begins and Ends
Definition
Spanish
French
German
Italian
Chinese
Latin
Translation
Japanese
Language
Vocabulary
Begins and Ends
Definition
Spanish
French
German
Italian
Chinese
Latin
Translation
Japanese
Random Quiz
Search Sporcle
×
Quiz Lab
Quiz Lab
Language
Latin
Type in answers that appear in a list
Type in answers that appear in a list
Classic
Best Score? Go Orange.
Latin Phrases of the Day Stats
Can you name the Phrases of the Day?
By
kelsh
10m
60 Questions
577 Plays
577 Plays
577 Plays
Comments
Comments
Give Quiz Kudos
Give Quiz Kudos
-
- Ratings
hide this ad
Forced Order
Answers have to be entered in order
Answers have to be entered in order
Random Order
Randomize order of answers
Randomize order of answers
Replay
Link that replays current quiz
Next Quiz
Link to next quiz in quiz playlist
You Got
0%
They Got
Avg Score
33%
Avg Friend Score
Upgrade to see
Score Distribution
Jump to the score distribution portion of the page
Score
0/60
Timer
10:00
0
Plays Today
phrase or root
translation or state
% Correct
mea culpa
my fault
75.7%
per capita
per person
75.4%
quid pro quo
what for what
70%
per diem
daily allowance
69%
in loco parentis
in place of parents
65.5%
ars gratia artis
art for the sake of art
63.8%
N.B.
note well
63.8%
pro bono
for free
62%
persona non grata
person not welcome
61.2%
m.o.
mode of operation
61.2%
sic semper tyrannis
VA
59.3%
montani semper liberi
WV
56.3%
e pluribus unum
out of many, one
55.5%
esse quam videri
NC
54.9%
imperium in imperio
OH
54.9%
i.e.
in other words
52.9%
ad astra per aspera
KS
51.3%
salus populi suprema lex esto
MO
51.1%
dum spiro, spero
SC
51%
per se
by itself
48.9%
in absentia
in absence
37.6%
in toto
completely
35.4%
cum grano salis
with a grain of salt
35.2%
in situ
in the original place
34.7%
in vino veritas
in wine there is truth
32.9%
rx.
take
31.4%
ad nauseam
to the point of sickness
30.2%
ab ovo usque ad malum
from the egg to the apple
30%
t.i.d.
three times a day
29.6%
p.o.
by mouth
27%
phrase or root
translation or state
% Correct
in flagrante delicto
in flagrant delight
26.3%
de jure
according to law
25.6%
gtt.
drops
25.6%
ad hominem
personal attack
24.4%
de facto
according to practice
23.7%
p.c.
after food
23.4%
h.s.
at bedtime
23.4%
de gustibus non est disputandum
there is no disputing taste
21.8%
p.r.n.
take as needed
20.5%
ad valorem
according to value
20.1%
post mortem
after death
19.2%
Eureka
CA
17.5%
ad hoc
for this purpose
15.9%
vox populi
voice of the people
15.8%
bona fide
In good faith
15.1%
tabula rasa
clean slate
14%
terra incognita
unknown land
13.7%
alma mater
nourishing mother
12.5%
Excelsior
NY
12.3%
caveat emptor
buyer beware
11.8%
Pax/
Dominus Vobiscum
Peace/Lord be with you
11.1%
vade mecum
go with me
9.4%
status quo
current situation
9.4%
Dirigo
ME
9.2%
nolo contendere
I do not wish to contend
8.3%
Virtute et Armis
MS
8%
pro tempore (pro tem)
for the time being
7.5%
Audemus Nostra Jura Defendere
AL
6.8%
sine qua non
without which not
6.6%
Crescit Eundo
NM
6.1%
Quiz Playlist
Details
Report
Send in Message
Add To Playlist
Classic:
Type in answers that appear in a list
Forced Order:
Answers have to be entered in order
Random Order:
Randomize order of answers
Last Updated: Feb 16, 2017
Quiz Scoreboard
CHALLENGE
Sign Up to Join the Scoreboard
Show All
Scores
Hide
Comments
May contain spoilers
Recently Published
Alphabetical 'K' Countries by Flag Minefield
by ylime102
Geography
3m
Pick 6: Fruits
by JohnFran
Miscellaneous
15s
Click the 1999 NBA Draft
by nibperrychub
Sports
2m
More to Explore
Quiz From the Vault
Featured Blog Post
15 Basketball Trivia Facts You Can Be March Mad About
hide this ad
You Might Also Like...
Tags
Latin Quiz
Translation Quiz
phrase
root
Today's Top Quizzes in Language
Browse Language
hide this ad
Today's Top Quizzes in Latin
Browse Latin
Top Contributed Quizzes in Language
1
Spanish Seasons
2
Spring or Fall
3
Multilingual Seasons
4
Russian Alphabet (Picture Click)
5
Trivia Jigsaw: Language
6
Guess the Word in 3 Words
7
JLPT N5 Kanji
8
Vocabulary Blitz 71
9
IPA Vowel Identification
10
Einsilbige Reime auf Chips
Explore More
Trending Topics
Anime
NBA
Disney
Harry Potter
Kpop
Marvel
Crossword
Pokémon
NFL
Song
The Office
Soccer
Country
Puzzle
WWE
hide this ad
More By:
kelsh
Quiz
Plays
Rating
Category
Featured
Created
State by Motto
48,939
4.05
Geography
Sep 23, 2009
Chapters 1-5 1st Year Latin Vocab
1,685
Language
Oct 7, 2011
AP Vergil Common Vocab
1,368
4.75
Language
Dec 11, 2009
First Names of Scientists
997
4.85
Science
Nov 12, 2010
Latin Genitives
880
4.56
Language
Oct 12, 2010
Go to Creator's Profile
Score Distribution
Quiz Creator Spotlight
kelsh
Follow
Send a Message
Quizzes Created
-
Created Quiz Play Count
-
More By This Creator
Popular Quizzes Today
1
Find the US States - No Outlines Minefield
2
Countries of Asia Without Outlines Minefield
3
Pick 6: Fruits
4
Alphabetical 'K' Countries by Flag Minefield
5
The Countries of the World
6
Click the 1999 NBA Draft
7
Find the US States
8
Match the Book to the Film X
More Language Quizzes
Let's _____ The Rat!
Quiz Lab
Trending Quizzes
Pick 6: Harry Potter
Pick 6: Mountains
Pick 6: NFL Teams
Pick 6: Golfers
Pick 6: Movie Franchises
Recently Updated
Women's Final Four Teams by Year
bhenderson79
Presidents Quartet II
eogle
Anything But Clue(do)
eogle
Anything But Oceanian Capitals
eogle
Anything But 7
eogle
Anything But Thing
eogle
Word Ladder: February 29
pecheneg
Song Title Questions
pecheneg
Women's NCAA Tournament #1 Seeds
pecheneg
Celebrity Mug Shots
pecheneg
Trending Topics
Disney
NBA
Marvel
Harry Potter
Kpop
Anime
Crossword
Country
Puzzle
NFL
Pokémon
The Office
Soccer
Song
WWE
Your Account Isn't Verified!
In order to create a playlist on Sporcle, you need to verify the email address you used during registration. Go to your
Sporcle Settings
to finish the process.
Report this User
Report this user for behavior that violates our
Community Guidelines
.
Details:
Send Report
Go to the Sporcle.com Mobile Site →
Comments